Rehnuma-e-Khail-o-Jismani Taleem (URDU) (Record no. 13378)

000 -LEADER
fixed length control field 00373nam a22001457a 4500
020 ## - INTERNATIONAL STANDARD BOOK NUMBER
International Standard Book Number -
082 ## - DEWEY DECIMAL CLASSIFICATION NUMBER
Classification number 613.7 WAH
100 ## - MAIN ENTRY--PERSONAL NAME
Personal name Waheer, Mughal Dr.
245 ## - TITLE STATEMENT
Title Rehnuma-e-Khail-o-Jismani Taleem (URDU)
260 ## - PUBLICATION, DISTRIBUTION, ETC.
Place of publication, distribution, etc. Rawalpindi
Name of publisher, distributor, etc. Tahir Printing Press
Date of publication, distribution, etc. 2009
300 ## - PHYSICAL DESCRIPTION
Extent xvi, 592 p.
500 ## - GENERAL NOTE
General note Includes index
650 ## - SUBJECT ADDED ENTRY--TOPICAL TERM
Topical term or geographic name entry element 1. Physical education and training.
942 ## - ADDED ENTRY ELEMENTS (KOHA)
Koha item type Book
Holdings
Withdrawn status Lost status Damaged status Not for loan Collection code Permanent Location Current Location Shelving location Date acquired Source of acquisition Total Checkouts Full call number Barcode Date last seen Price effective from Koha item type
          Central Library (CL) Central Library (CL) General Stacks 10/30/2015 Donation   613.7 WAH SEECSD01193 11/03/2015 11/03/2015 Book
© 2023 Central Library, National University of Sciences and Technology. All Rights Reserved.